Лигнополимерсиликатные материалы для отделочных работ; Перспективы развития фундаментальных наук; Т. 6 : Строительство и архитектура

書目詳細資料
Parent link:Перспективы развития фундаментальных наук=Prospects of Fundamental Sciences Development: сборник научных трудов XIV Международной конференции студентов, аспирантов и молодых ученых, г. Томск, 25-28 апреля 2017 г./ Национальный исследовательский Томский политехнический университет (ТПУ) ; под ред. И. А. Курзиной, Г. А. Вороновой.— , 2017
Т. 6 : Строительство и архитектура.— 2017.— [С. 71-73]
主要作者: Ибе Е. Е.
其他作者: Шибаева Г. Н. (научный руководитель)
總結:Заглавие с экрана
Among the many compositions of polymer-silicate compositions chosen for the study natrosilite glass, modified SBR latex filled with powder hydrolytic lignin. The proposed formulations for smoothing the surface of concrete. Marked with unique properties that gives the fine lignin polymer-silicate materials: increases the adhesion activity of the binder, increasing strength, improving hydrophysical properties, expanding the possibility of regulation of rheological, deformation, thermal, anti-corrosive properties.
語言:俄语
出版: 2017
主題:
在線閱讀:http://earchive.tpu.ru/handle/11683/45312
格式: 電子 Book Chapter
KOHA link:https://koha.lib.tpu.ru/cgi-bin/koha/opac-detail.pl?biblionumber=625661

MARC

LEADER 00000naa2a2200000 4500
001 625661
005 20231101133356.0
035 |a (RuTPU)RU\TPU\conf\24921 
035 |a RU\TPU\conf\24920 
090 |a 625661 
100 |a 20171216d2017 k y0rusy50 ca 
101 0 |a rus  |d eng 
102 |a RU 
105 |a y z 100zy 
135 |a drcn ---uucaa 
181 0 |a i  
182 0 |a b 
200 1 |a Лигнополимерсиликатные материалы для отделочных работ  |d Polymer-silicate materials with lignin for finishing works  |f Е. Е. Ибе  |g науч. рук. Г. Н. Шибаева 
203 |a Текст  |c электронный 
230 |a 1 компьютерный файл (pdf; 198 Kb) 
300 |a Заглавие с экрана 
320 |a [Библиогр.: с. 73 (7 назв.)] 
330 |a Among the many compositions of polymer-silicate compositions chosen for the study natrosilite glass, modified SBR latex filled with powder hydrolytic lignin. The proposed formulations for smoothing the surface of concrete. Marked with unique properties that gives the fine lignin polymer-silicate materials: increases the adhesion activity of the binder, increasing strength, improving hydrophysical properties, expanding the possibility of regulation of rheological, deformation, thermal, anti-corrosive properties. 
461 1 |0 (RuTPU)RU\TPU\conf\21388  |t Перспективы развития фундаментальных наук  |l Prospects of Fundamental Sciences Development  |o сборник научных трудов XIV Международной конференции студентов, аспирантов и молодых ученых, г. Томск, 25-28 апреля 2017 г.  |o в 7 т.  |f Национальный исследовательский Томский политехнический университет (ТПУ) ; под ред. И. А. Курзиной, Г. А. Вороновой  |d 2017 
463 1 |0 (RuTPU)RU\TPU\conf\21397  |t Т. 6 : Строительство и архитектура  |v [С. 71-73]  |d 2017 
510 1 |a Polymer-silicate materials with lignin for finishing works  |z eng 
610 1 |a электронный ресурс 
610 1 |a отделочные покрытия 
610 1 |a гидролизный лигнин 
610 1 |a полимерсодержащие материалы 
610 1 |a отделочные работы 
610 1 |a твердение 
610 1 |a строительно-технические свойства 
700 1 |a Ибе  |b Е. Е. 
702 1 |a Шибаева  |b Г. Н.  |4 727 
801 2 |a RU  |b 63413507  |c 20171219  |g RCR 
856 4 |u http://earchive.tpu.ru/handle/11683/45312 
942 |c BK